[Event "Cali op-C"]
[Site "Cali"]
[Date "2008.12.27"]
[Round "4"]
[White "Ossa Ramirez, Jesus Antonio"]
[Black "Ordonez, Osiris"]
[Result "1-0"]
[WhiteElo "1645"]
[BlackElo "1600"]
[PlyCount "60"]
[EventDate "2008.12.26"]
[EventType "swiss"]
[EventRounds "9"]
[EventCountry "COL"]
[SourceTitle "EXT 2011"]
[Source "ChessBase"]
[SourceDate "2010.11.26"]
[SourceVersion "1"]
[SourceVersionDate "2010.11.26"]
[SourceQuality "1"]

1. e4 d6 2. d4 Nd7 3. Nf3 c6 4. c3 Qc7 5. Bd3 g6 6. 0-0 Bg7 7. Re1 e5 8. Bc4 Nb6 9. Bb3 h6 10. Be3 f5 11. exf5 Bxf5 12. Nh4 Ne7 13. f4 e4 14. Nxf5 Nxf5 15. Qg4 d5 16. Qxg6+ Qf7 17. Qxf7+ Kxf7 18. Nd2 h5 19. Nxe4 Rae8 20. Ng5+ Kf8 21. Bf2 Bh6 22. Rxe8+ Kxe8 23. Re1+ Kf8 24. h4 Nd7 25. Bc2 Nd6 26. Bg3 Bxg5 27. hxg5 h4 28. Bh2 Nc4 29. b3 Na3 30. Bg6 Nb6 1-0

[Event "Cali op-C"]
[Site "Cali"]
[Date "2008.12.27"]
[Round "3"]
[White "Quinones, Fernando"]
[Black "Ordonez, Osiris"]
[Result "1-0"]
[WhiteElo "1608"]
[BlackElo "1600"]
[PlyCount "43"]
[EventDate "2008.12.26"]
[EventType "swiss"]
[EventRounds "9"]
[EventCountry "COL"]
[SourceTitle "EXT 2011"]
[Source "ChessBase"]
[SourceDate "2010.11.26"]
[SourceVersion "1"]
[SourceVersionDate "2010.11.26"]
[SourceQuality "1"]

1. e4 c5 2. Nf3 e6 3. d4 cxd4 4. Nxd4 Bc5 5. Be3 Qb6 6. Nc3 Qxb2 7. Ncb5 Na6 8. Nxe6 Bb4+ 9. c3 Bxc3+ 10. Nxc3 Qxc3+ 11. Bd2 Qe5 12. Nf4 Qxe4+ 13. Be2 g5 14. 0-0 gxf4 15. Re1 Qd4 16. Bxa6+ Ne7 17. Qe2 0-0 18. Bc4 a5 19. Rec1 d5 20. Bc3 Qc5 21. Bb3 Be6 22. Qe5 1-0